000 00438nam a2200169Ia 4500
003 GCL
008 140319s9999 xx 000 0 eng d
040 _aGCL /
_cGCL
082 0 4 _a720
_bP F
100 1 _aPAPADAKIS, ANDREAS
245 1 0 _aFREE SPACE ARCHITECTURE /
_cPAPADAKIS, ANDREAS
260 _a[S.N] :
_bACADEMY EDITIONS ،
_c1992
300 _a95
650 0 4 _aARCHITECTURE
650 0 4 _aARCHITECTURE MAGAZINE
942 _2ddc
_cBK
999 _c12191
_d12191